|
|
|
|
| LEADER |
00000nam a2200000 a 4500 |
| 001 |
vtls001220092 |
| 003 |
SK-MaSNL |
| 005 |
20260302031902.0 |
| 008 |
240318s1996 xo a a slo |
| 015 |
|
|
|a SNBX1996/0000043
|
| 020 |
|
|
|a 8088859042
|c b.c.
|
| 035 |
|
|
|a SNK000164692
|
| 035 |
|
|
|a urn:nbn:sk:snk-amkfca
|
| 035 |
|
|
|a urn:nbn:sk:snk-am003o43
|
| 035 |
|
|
|a 056F8D69-42B7-4774-914B-035A7DC8A9D9
|
| 040 |
|
|
|a SNK
|b slo
|c SNK
|e AACR2
|
| 041 |
0 |
|
|a slo
|
| 044 |
|
|
|a xo
|c SK
|
| 080 |
|
|
|a 82:929:885.4:012
|2 1981
|
| 080 |
|
|
|a 885.4
|2 1981
|
| 080 |
|
|
|a 012
|2 1981
|
| 080 |
|
|
|a 929 Hleba, Edmund
|2 1981
|
| 100 |
1 |
|
|a Hleba, Edmund,
|d 1926-2011
|4 aut
|9 169917
|
| 245 |
1 |
0 |
|a Personálna bibliografia (1960-1996)
|c Edmund Hleba
|
| 260 |
|
|
|a Prešov
|b PVT
|b Filozofická fakulta UPJŠ [vyd.]
|c 1996
|
| 300 |
|
|
|a 56 s.
|c 21x14 cm
|
| 504 |
|
|
|a Lit. 464 zázn. o čl. a kn. v slov.
|
| 600 |
1 |
|
|a Hleba, Edmund,
|d 1926-2011
|2 SNK
|9 169917
|
| 655 |
|
7 |
|a neperiodické bibliografie
|2 SNK
|9 60408
|
| 919 |
|
|
|a 80-88859-04-2
|
| 958 |
|
|
|a TL
|
| 958 |
|
|
|a BX
|
| 958 |
|
|
|a SF
|
| 999 |
|
|
|c 1054115
|d 1056045
|
| 952 |
|
|
|t P60, <09>, [BOOK], {629}
|a SNK
|b SNK
|y NEVYP
|7 0
|o snkC 1528
|i snk2913/960903
|0 0
|1 0
|4 0
|d 1996-08-30
|l 0
|r 2005-01-01 00:00:00
|w 2026-02-24
|
| 952 |
|
|
|t P60, <03>, [BOOK], {603}
|a SNK
|b SNK
|y PREZ
|7 0
|p 17A0009440
|o snkSC 91153
|i snkKSP 6941/96
|0 0
|1 0
|4 0
|d 1996-08-30
|f 1
|l 0
|r 2025-09-10 00:00:00
|w 2026-02-24
|
| 952 |
|
|
|t P60, <04>, [BOOK], {604}
|a SNK
|b SNK
|y VYP
|7 0
|p 17A0009439
|o snkSC 91153 D1
|i snkKSP 6942/96
|0 0
|1 0
|4 0
|d 1996-08-30
|l 0
|r 2005-01-01 00:00:00
|w 2026-02-24
|